[Event "Klatovy"]
[Site "?"]
[Date "2007.??.??"]
[Round "?"]
[White "Nguyen, D."]
[Black "Kracik, D."]
[Result "0-1"]
[WhiteElo "1820"]
[BlackElo "2050"]
[PlyCount "80"]
[EventDate "2007.??.??"]

1. e4 c5 2. Nf3 d6 3. d4 cxd4 4. Nxd4 Nf6 5. Nc3 a6 6. Bg5 e6 7. f4 Qc7 8. Qf3
Nbd7 9. O-O-O b5 10. Bd3 Bb7 11. Rhe1 O-O-O 12. Qh3 Kb8 13. Kb1 Be7 14. e5 dxe5
15. fxe5 Ng8 16. Bxe7 Nxe7 17. Bxb5 axb5 18. Ncxb5 Qa5 19. Re3 Nc5 20. Ra3 Qb6
21. Nd6 Rxd6 22. exd6 Qxd6 23. Qg4 Qe5 24. Nf3 Qe2 25. Qg3+ Kc8 26. Qd6 Nc6 27.
Re1 Qb5 28. Rc3 Ne4 29. Rxe4 Rd8 30. Qxd8+ Kxd8 31. Rd3+ Ke7 32. a4 Qa5 33. Rb3
Ba6 34. Rbe3 Nb4 35. Rb3 Nc6 36. Rbe3 h6 37. b3 Nb4 38. Ne5 Bb7 39. Rd4 Nd5 40.
Red3 Qe1+ 0-1

[Event "Klatovy"]
[Site "?"]
[Date "2007.??.??"]
[Round "?"]
[White "Hadrava, J."]
[Black "Cecil, P."]
[Result "1-0"]
[WhiteElo "1870"]
[BlackElo "2040"]
[PlyCount "23"]
[EventDate "2007.??.??"]

1. e4 e6 2. b3 d5 3. Bb2 dxe4 4. Nc3 Nf6 5. g4 e3 6. fxe3 Nd5 7. h4 b6 8. Bg2
Bb7 9. Nxd5 Bxd5 10. Qe2 Bxg2 11. Qxg2 Qd5 12. Nf3 1-0

[Event "Klatovy"]
[Site "?"]
[Date "2007.??.??"]
[Round "?"]
[White "Pravdik, K."]
[Black "Hruska, O."]
[Result "0-1"]
[WhiteElo "2015"]
[BlackElo "1880"]
[PlyCount "66"]
[EventDate "2007.??.??"]

1. e4 c5 2. Nf3 d6 3. Nc3 a6 4. d4 cxd4 5. Nxd4 e6 6. Be3 Qc7 7. a4 Nf6 8. Be2
Be7 9. O-O Nbd7 10. f4 b6 11. Bf3 Bb7 12. Qe1 O-O 13. Qg3 Rfd8 14. Rae1 d5 15.
exd5 Nxd5 16. Nxd5 Bxd5 17. Bxd5 exd5 18. Nf5 Bf6 19. Nxg7 Kf8 20. Nh5 Bxb2 21.
Qg5 Qd6 22. f5 h6 23. Qh4 Re8 24. Kh1 Re4 25. Qf2 Rae8 26. Qd2 Bg7 27. Nxg7
Kxg7 28. Rf3 d4 29. f6+ Kh7 30. Qd3 Nc5 31. Qd2 Qe5 32. Bg1 Rxe1 33. Rh3 Qxf6
0-1

[Event "Klatovy"]
[Site "?"]
[Date "2007.??.??"]
[Round "?"]
[White "Novak, J."]
[Black "Muhlbauer, H."]
[Result "1-0"]
[WhiteElo "2000"]
[BlackElo "1785"]
[PlyCount "65"]
[EventDate "2007.??.??"]

1. e4 e5 2. Nf3 Nf6 3. d4 Nxe4 4. Bd3 d5 5. Nxe5 Bd6 6. Qh5 Be6 7. Nd2 Nf6 8.
Qe2 O-O 9. O-O Qc8 10. Ndf3 Bf5 11. Bxf5 Qxf5 12. Nh4 Qe6 13. Re1 Nbd7 14. Nd3
Qxe2 15. Rxe2 c6 16. Nf5 Bc7 17. Bf4 Bxf4 18. Nxf4 Rfe8 19. Rae1 Rxe2 20. Rxe2
Re8 21. Nd6 Rxe2 22. Nxe2 b6 23. Nc8 a6 24. Ne7+ Kf8 25. Nxc6 a5 26. Nc3 Ke8
27. b4 Nf8 28. bxa5 Kd7 29. Ne5+ Kc7 30. a6 Ne6 31. Nb5+ Kb8 32. Nxf7 Nc7 33.
a7+ 1-0

[Event "Klatovy"]
[Site "?"]
[Date "2007.??.??"]
[Round "?"]
[White "Skoda, M."]
[Black "Straka, V."]
[Result "1-0"]
[WhiteElo "1995"]
[BlackElo "1930"]
[PlyCount "51"]
[EventDate "2007.??.??"]

1. e4 c5 2. Nf3 Nc6 3. Bb5 g6 4. O-O Bg7 5. Nc3 d6 6. Re1 Bd7 7. d3 e6 8. Bf4
Qc7 9. Bc4 a6 10. Ng5 Nge7 11. Rf1 O-O 12. h4 b5 13. Bb3 Na5 14. h5 Bxc3 15.
bxc3 c4 16. Qg4 e5 17. Qh4 exf4 18. hxg6 Kg7 19. Qxh7+ Kf6 20. g7 Rg8 21. Qh6+
Ng6 22. Nh7+ Ke6 23. Qg5 Qd8 24. Qf5+ Ke7 25. Qf6+ Ke8 26. Qxd6 1-0

[Event "Klatovy"]
[Site "?"]
[Date "2007.??.??"]
[Round "?"]
[White "Hampel, R."]
[Black "Boleslav, P."]
[Result "0-1"]
[WhiteElo "1820"]
[BlackElo "2105"]
[PlyCount "68"]
[EventDate "2007.??.??"]

1. e4 c5 2. Nc3 Nc6 3. f4 e6 4. Bc4 g6 5. d3 Bg7 6. Nf3 Nge7 7. O-O O-O 8. Qe1
d5 9. Bb3 Nd4 10. Nxd4 cxd4 11. Ne2 dxe4 12. dxe4 b6 13. Ng3 Qc7 14. Bd2 a5 15.
c3 a4 16. Bc2 a3 17. b3 dxc3 18. Be3 Ba6 19. Rf3 f5 20. Qf2 Rab8 21. Bd4 Bxd4
22. Qxd4 Rbc8 23. Rc1 e5 24. Qe3 exf4 25. Rxf4 Qe5 26. Rf2 f4 27. Qxb6 Rc6 28.
Qb4 fxg3 29. Rxf8+ Kxf8 30. Qxa3 Qc5+ 31. Qxc5 gxh2+ 32. Kxh2 Rxc5 33. a4 Nc6
34. Rd1 Nb4 0-1

[Event "Klatovy"]
[Site "?"]
[Date "2007.??.??"]
[Round "?"]
[White "Rezac, J."]
[Black "Peniska, P."]
[Result "1/2-1/2"]
[WhiteElo "1765"]
[BlackElo "2015"]
[PlyCount "55"]
[EventDate "2007.??.??"]

1. e4 c5 2. Nf3 Nc6 3. d4 cxd4 4. Nxd4 g6 5. Nxc6 bxc6 6. Qd4 Nf6 7. e5 Nd5 8.
e6 Nf6 9. exf7+ Kxf7 10. Bd3 Bg7 11. Qc4+ e6 12. O-O a5 13. Qh4 Ba6 14. Bxa6
Rxa6 15. Bh6 d5 16. Bxg7 Kxg7 17. Re1 Qd6 18. Nd2 e5 19. Rad1 Re8 20. Ne4 Nxe4
21. Rxe4 Qf6 22. Qxf6+ Kxf6 23. Re3 Rb6 24. b3 a4 25. Rde1 c5 26. Rf3+ Kg7 27.
Rfe3 Kf6 28. Rf3+ 1/2-1/2

[Event "Klatovy"]
[Site "?"]
[Date "2007.??.??"]
[Round "?"]
[White "Sterba, K."]
[Black "Rakous, P."]
[Result "0-1"]
[WhiteElo "1805"]
[BlackElo "2010"]
[PlyCount "86"]
[EventDate "2007.??.??"]

1. e4 d6 2. d4 Nf6 3. Nc3 c6 4. Nf3 Bg4 5. Bd3 e6 6. h3 Bxf3 7. Qxf3 Qb6 8. Ne2
e5 9. Qe3 Nbd7 10. dxe5 Nxe5 11. Qxb6 axb6 12. f4 Ned7 13. O-O O-O-O 14. Bd2
Re8 15. Ng3 h5 16. h4 Ng4 17. Rae1 d5 18. Re2 Be7 19. Nf5 Bc5+ 20. Kh1 g6 21.
Ng3 Be7 22. exd5 cxd5 23. Rfe1 Kd8 24. Bc3 Rhg8 25. Bd4 Bxh4 26. Rxe8+ Rxe8 27.
Rxe8+ Kxe8 28. Ne2 Bf2 29. Bb5 Bxd4 30. Nxd4 Ne3 31. Nf3 Ke7 32. Bd3 Nc5 33.
Kg1 Nxd3 34. cxd3 Nd1 35. b3 Nc3 36. Nd4 Nxa2 37. Kf2 Nb4 38. Ke3 Nc6 39. Nf3
f6 40. g3 Ke6 41. d4 Ne7 42. Ke2 Nf5 43. Kf2 Kd6 0-1

[Event "Klatovy"]
[Site "?"]
[Date "2007.??.??"]
[Round "?"]
[White "Huttner, M."]
[Black "Kalivoda, L."]
[Result "1-0"]
[WhiteElo "1980"]
[BlackElo "1865"]
[PlyCount "33"]
[EventDate "2007.??.??"]

1. e4 c6 2. d4 d5 3. e5 Bf5 4. Nc3 h5 5. Nf3 g6 6. Bd3 Bxd3 7. Qxd3 Nh6 8. e6
f5 9. Bf4 Na6 10. O-O Rg8 11. Ng5 Bg7 12. b4 Qb6 13. Ne2 Nc7 14. c3 Nb5 15. h4
Nd6 16. Qg3 Ne4 17. Nxe4 1-0

[Event "Klatovy"]
[Site "?"]
[Date "2007.??.??"]
[Round "?"]
[White "Skopec, L."]
[Black "Schanilec, M."]
[Result "1-0"]
[WhiteElo "1850"]
[BlackElo "1800"]
[PlyCount "21"]
[EventDate "2007.??.??"]

1. e4 Nc6 2. Nf3 e5 3. c3 d5 4. Bb5 Bg4 5. Qa4 Bxf3 6. Bxc6+ Ke7 7. gxf3 bxc6
8. Qxc6 d4 9. cxd4 exd4 10. b3 g6 11. Ba3+ 1-0

[Event "Klatovy"]
[Site "?"]
[Date "2007.??.??"]
[Round "?"]
[White "Macek, K."]
[Black "Hruska, J."]
[Result "0-1"]
[WhiteElo "1950"]
[BlackElo "1850"]
[PlyCount "50"]
[EventDate "2007.??.??"]

1. e4 c5 2. Nf3 Nc6 3. d4 cxd4 4. Nxd4 Nf6 5. Nc3 e5 6. Ndb5 d6 7. Bg5 a6 8.
Na3 b5 9. Bxf6 gxf6 10. Nd5 f5 11. exf5 Bxf5 12. c3 Be6 13. Nc2 Bg7 14. Nce3
Ne7 15. Nxe7 Qxe7 16. Qf3 O-O 17. Bd3 Qf6 18. Qe4 Qg6 19. Qxa8 Qxd3 20. Qf3 b4
21. Rd1 Qb5 22. Nf5 e4 23. Ne7+ Kh8 24. Qe2 Bc4 25. Qg4 bxc3 0-1

[Event "Klatovy"]
[Site "?"]
[Date "2007.??.??"]
[Round "?"]
[White "Valdman, J."]
[Black "Kubat, M."]
[Result "1/2-1/2"]
[WhiteElo "1835"]
[BlackElo "1940"]
[PlyCount "49"]
[EventDate "2007.??.??"]

1. d4 f5 2. g3 Nf6 3. Bg2 g6 4. c4 Bg7 5. Nc3 d6 6. b3 O-O 7. Bb2 c6 8. Nf3 Na6
9. O-O Qc7 10. d5 e5 11. dxe6 Bxe6 12. Ng5 Rae8 13. Na4 Bc8 14. e3 Rd8 15. Bd4
Nc5 16. Nc3 h6 17. Nh3 Ne6 18. Rc1 Nxd4 19. exd4 Kh7 20. Re1 Rfe8 21. Qd2 Qa5
22. Ne4 Qxd2 23. Nxd2 Nh5 24. d5 Bd7 25. Kf1 1/2-1/2

[Event "Klatovy"]
[Site "?"]
[Date "2007.??.??"]
[Round "?"]
[White "Svec, L."]
[Black "Sibl, V."]
[Result "0-1"]
[WhiteElo "1855"]
[BlackElo "1900"]
[PlyCount "48"]
[EventDate "2007.??.??"]

1. e4 d6 2. d4 Nd7 3. Nf3 e5 4. Nc3 c6 5. Bd3 Be7 6. O-O Ngf6 7. a4 O-O 8. Re1
Qc7 9. h3 Re8 10. Be3 Nf8 11. Ne2 Ng6 12. c3 h6 13. Ng3 Bf8 14. Qc2 Be6 15. c4
Rac8 16. b4 Nf4 17. Bxf4 exf4 18. Ne2 Nh5 19. d5 cxd5 20. exd5 Bxd5 21. Rac1
Bxf3 22. gxf3 Re5 23. a5 Qe7 24. Nd4 Rxe1+ 0-1

[Event "Klatovy"]
[Site "?"]
[Date "2007.??.??"]
[Round "?"]
[White "Travnik, P."]
[Black "Skut, M."]
[Result "1/2-1/2"]
[WhiteElo "1825"]
[BlackElo "1895"]
[PlyCount "44"]
[EventDate "2007.??.??"]

1. d4 Nf6 2. c4 g6 3. Nc3 Bg7 4. e4 d6 5. Nf3 O-O 6. Be2 e5 7. dxe5 dxe5 8.
Qxd8 Rxd8 9. Bg5 Rf8 10. O-O Nbd7 11. Rad1 c6 12. h3 Nc5 13. Nd2 Ne6 14. f4 Nd7
15. Bg4 h6 16. Bxe6 fxe6 17. Be7 Re8 18. Bd6 exf4 19. Bxf4 e5 20. Be3 Nf8 21.
Nf3 Be6 22. b3 Kh7 1/2-1/2

[Event "Klatovy"]
[Site "?"]
[Date "2007.??.??"]
[Round "?"]
[White "Vacek, M."]
[Black "Palla, R."]
[Result "1/2-1/2"]
[WhiteElo "1895"]
[BlackElo "1800"]
[PlyCount "75"]
[EventDate "2007.??.??"]

1. e4 c5 2. Nf3 Nc6 3. d4 cxd4 4. Nxd4 Nf6 5. Nc3 e5 6. Ndb5 d6 7. Bg5 a6 8.
Na3 b5 9. Nd5 Be7 10. Bxf6 Bxf6 11. c3 Be6 12. Nc2 Bxd5 13. exd5 Ne7 14. a4
bxa4 15. Rxa4 O-O 16. Rxa6 Rxa6 17. Bxa6 Qb6 18. Nb4 Ra8 19. Bc4 Qc5 20. Ba2
Ng6 21. O-O Bd8 22. Qb3 Nf4 23. Qc4 h5 24. g3 Nh3+ 25. Kg2 Ng5 26. h4 Nh7 27.
Nc6 Bb6 28. b4 Qxc4 29. Bxc4 Nf6 30. f3 e4 31. Ne7+ Kf8 32. Nf5 exf3+ 33. Rxf3
Ne4 34. Rd3 g6 35. Ne3 Kg7 36. Nc2 Rc8 37. Na3 Ra8 38. Nc2 1/2-1/2

[Event "Klatovy"]
[Site "?"]
[Date "2007.??.??"]
[Round "?"]
[White "Hacaperka, M."]
[Black "Muzikar, M."]
[Result "1/2-1/2"]
[WhiteElo "1935"]
[BlackElo "1890"]
[PlyCount "50"]
[EventDate "2007.??.??"]

1. e4 c5 2. f4 e6 3. Nf3 Nc6 4. Bb5 Nge7 5. O-O a6 6. Bxc6 Nxc6 7. c4 Be7 8.
Nc3 O-O 9. d3 d6 10. Qe1 Rb8 11. b3 Bf6 12. Bb2 Nd4 13. Nxd4 Bxd4+ 14. Kh1 b5
15. Qe2 bxc4 16. dxc4 Bd7 17. Rad1 a5 18. Nb1 Bxb2 19. Qxb2 a4 20. Nd2 Qc7 21.
Qc2 axb3 22. axb3 Rb4 23. f5 f6 24. Rf3 Re8 25. Rg3 e5 1/2-1/2

[Event "Klatovy"]
[Site "?"]
[Date "2007.??.??"]
[Round "?"]
[White "Vorisek, J."]
[Black "Jurek, J."]
[Result "1/2-1/2"]
[WhiteElo "2265"]
[BlackElo "2380"]
[PlyCount "40"]
[EventDate "2007.??.??"]

1. d4 Nf6 2. g3 c5 3. d5 b5 4. Bg2 Bb7 5. e4 d6 6. Nh3 Nbd7 7. O-O g6 8. f4 Bg7
9. Qe2 Qb6 10. c4 bxc4 11. Nc3 O-O 12. e5 Ne8 13. e6 Ndf6 14. exf7+ Rxf7 15.
Ng5 Rf8 16. Qe6+ Kh8 17. Nf7+ Rxf7 18. Qxf7 Nc7 19. f5 Rf8 20. Qxe7 Re8 1/2-1/2

[Event "Klatovy"]
[Site "?"]
[Date "2007.??.??"]
[Round "?"]
[White "Krejci, J."]
[Black "Havlik, J."]
[Result "0-1"]
[WhiteElo "2190"]
[BlackElo "2260"]
[PlyCount "132"]
[EventDate "2007.??.??"]

1. e4 c5 2. Nf3 Nc6 3. d4 cxd4 4. Nxd4 e5 5. Nb5 d6 6. N1c3 a6 7. Na3 b5 8. Nd5
Nce7 9. c4 Nxd5 10. exd5 bxc4 11. Nxc4 f5 12. Bd2 a5 13. Qa4+ Bd7 14. Qa3 Qb8
15. Bxa5 Nf6 16. Nb6 Ra7 17. Bc4 Be7 18. O-O O-O 19. Nxd7 Nxd7 20. b4 e4 21.
Qe3 Ne5 22. Be2 Bf6 23. Rac1 h6 24. Rc6 Bg5 25. Qc3 f4 26. f3 Bf6 27. Qc2 exf3
28. Bxf3 Nxf3+ 29. gxf3 Be5 30. Rc1 Ra8 31. Rc7 Qe8 32. Kh1 Qh5 33. Qg2 Rae8
34. b5 Bf6 35. Bc3 Bxc3 36. R7xc3 Qxd5 37. b6 Re7 38. Qf1 Rb7 39. Rb3 Rfb8 40.
Rcb1 Qa5 41. Qf2 Ra8 42. R1b2 Qd5 43. Qe2 Rc8 44. Rc2 Rcb8 45. Qf2 Qa5 46. Rc6
Re8 47. Rb1 Rbe7 48. Rcc1 Re2 49. Qh4 g5 50. Qxh6 Re1+ 51. Rxe1 Rxe1+ 52. Kg2
Qxa2+ 53. Kh3 Qxb1 54. Qxg5+ Kf7 55. Qxf4+ Ke6 56. Qc4+ Kf6 57. Qd4+ Ke7 58.
Qg7+ Ke6 59. Qg8+ Kd7 60. b7 Qxb7 61. Qg4+ Re6 62. Qg7+ Re7 63. Qg4+ Kd8 64.
Qg8+ Kc7 65. Kg3 Qb5 66. h4 Qe5+ 0-1

[Event "Klatovy"]
[Site "?"]
[Date "2007.??.??"]
[Round "?"]
[White "Neuman, P."]
[Black "Lacina, A."]
[Result "1/2-1/2"]
[WhiteElo "2410"]
[BlackElo "2250"]
[PlyCount "78"]
[EventDate "2007.??.??"]

1. e4 e6 2. d4 d5 3. Nd2 c5 4. exd5 Qxd5 5. Ngf3 cxd4 6. Bc4 Qd6 7. O-O Nf6 8.
Nb3 Nc6 9. Nbxd4 Nxd4 10. Qxd4 Qxd4 11. Nxd4 a6 12. Bf4 Bc5 13. Nb3 Be7 14. Be2
Nd5 15. Bg3 O-O 16. Bf3 a5 17. a4 Bf6 18. c3 Nb6 19. Rfd1 Nc4 20. Ra2 Rd8 21.
Rxd8+ Bxd8 22. Nc5 Be7 23. Ne4 f5 24. Be2 Nb6 25. Nd6 Bd7 26. Nb5 Kf7 27. f3
Bc6 28. Bf2 Nd5 29. Ra1 Rd8 30. g3 e5 31. Rd1 Kf6 32. Kf1 g5 33. Ke1 f4 34. Bd3
Ne3 35. Bxe3 fxe3 36. Be4 g4 37. Rxd8 Bxd8 38. Ke2 gxf3+ 39. Bxf3 e4 1/2-1/2

[Event "Klatovy"]
[Site "?"]
[Date "2007.??.??"]
[Round "?"]
[White "Michalek, J."]
[Black "Sodoma, J."]
[Result "0-1"]
[WhiteElo "2355"]
[BlackElo "2315"]
[PlyCount "50"]
[EventDate "2007.??.??"]

1. e4 e5 2. Nf3 Nc6 3. Bb5 a6 4. Ba4 Nf6 5. d4 exd4 6. O-O Be7 7. Re1 O-O 8. e5
Ne8 9. c3 dxc3 10. Nxc3 d6 11. exd6 Bxd6 12. Bxc6 bxc6 13. Qa4 Qd7 14. Ne5 Qf5
15. Qxc6 Rb8 16. Nc4 Bb7 17. Nxd6 Nxd6 18. Qa4 Qg6 19. g3 Nb5 20. Qc4 Qh5 21.
Qe2 Bf3 22. Qc4 Nd4 23. Bf4 Rb4 24. Qd3 Bc6 25. Re3 Nf3+ 0-1

[Event "Klatovy"]
[Site "?"]
[Date "2007.??.??"]
[Round "?"]
[White "Vedral, O."]
[Black "Stross, F."]
[Result "1/2-1/2"]
[WhiteElo "2260"]
[BlackElo "2315"]
[PlyCount "61"]
[EventDate "2007.??.??"]

1. Nf3 Nf6 2. d4 d5 3. c4 c6 4. Qb3 dxc4 5. Qxc4 Bf5 6. Nc3 e6 7. g3 Be7 8. Bg2
Nbd7 9. O-O O-O 10. Qb3 Qb6 11. Qxb6 axb6 12. Nh4 Bc2 13. Bd2 h6 14. Rac1 Bh7
15. a3 b5 16. Nf3 Nb6 17. Ne5 Rfd8 18. e3 Nfd7 19. Nxd7 Rxd7 20. Be4 Nc4 21.
Rc2 e5 22. Bxh7+ Kxh7 23. Ne2 Nxd2 24. Rxd2 Bf6 25. Rfd1 Rad8 26. b3 exd4 27.
Nxd4 Bxd4 28. Rxd4 Rxd4 29. Rxd4 Rxd4 30. exd4 Kg6 31. f3 1/2-1/2

[Event "Klatovy"]
[Site "?"]
[Date "2007.??.??"]
[Round "?"]
[White "Volak, M."]
[Black "Plat, V."]
[Result "1/2-1/2"]
[WhiteElo "2145"]
[BlackElo "2280"]
[PlyCount "60"]
[EventDate "2007.??.??"]

1. d4 Nf6 2. c4 g6 3. Nc3 d5 4. Nf3 Bg7 5. Bg5 Ne4 6. Bf4 Nxc3 7. bxc3 O-O 8.
e3 c6 9. Be2 Qa5 10. Qb3 Nd7 11. O-O Nf6 12. Be5 Ne4 13. Bxg7 Kxg7 14. Rfc1 Bg4
15. Qc2 Nd6 16. c5 Ne4 17. Ne5 Bxe2 18. Qxe2 Qc7 19. c4 e6 20. Nd3 Rfd8 21.
Rab1 Rab8 22. Rb3 Nf6 23. Ne5 Nd7 24. cxd5 exd5 25. Nxd7 Rxd7 26. Qb2 Re8 27.
Qa3 a6 28. Qb2 f5 29. g3 Ree7 30. Qd2 Rf7 1/2-1/2

[Event "Klatovy"]
[Site "?"]
[Date "2007.??.??"]
[Round "?"]
[White "Kubecka, D."]
[Black "Pokrupa, M."]
[Result "1/2-1/2"]
[WhiteElo "2260"]
[BlackElo "2175"]
[PlyCount "63"]
[EventDate "2007.??.??"]

1. Nf3 g6 2. g3 Bg7 3. Bg2 c5 4. O-O Nc6 5. d3 e6 6. e4 Nge7 7. c3 b6 8. Nbd2
O-O 9. Re1 e5 10. Nc4 d6 11. Ne3 Kh8 12. Nd5 Nxd5 13. exd5 Ne7 14. c4 Bg4 15.
Rb1 a5 16. b3 Nf5 17. Bb2 Nd4 18. Bxd4 exd4 19. h3 Bxf3 20. Qxf3 Qd7 21. Re2
Rfe8 22. Rbe1 Kg8 23. Qg4 Rxe2 24. Rxe2 Qxg4 25. hxg4 Kf8 26. g5 Re8 27. Kf1
Rxe2 28. Kxe2 h6 29. gxh6 Bxh6 30. f4 f5 31. Bh3 Ke7 32. Kd1 1/2-1/2

[Event "Klatovy"]
[Site "?"]
[Date "2007.??.??"]
[Round "?"]
[White "Palek, M."]
[Black "Brom, J."]
[Result "1/2-1/2"]
[WhiteElo "2245"]
[BlackElo "2120"]
[PlyCount "85"]
[EventDate "2007.??.??"]

1. e4 c5 2. Nf3 Nc6 3. Bb5 g6 4. O-O Bg7 5. c3 Nf6 6. Re1 O-O 7. d4 cxd4 8.
cxd4 d5 9. e5 Ne4 10. h3 Bd7 11. Bf1 Qb6 12. Nc3 Nxc3 13. bxc3 Na5 14. Ba3 Rfe8
15. Ng5 Bh6 16. e6 Bxg5 17. exd7 Red8 18. Bxe7 Bxe7 19. Rxe7 Nc6 20. Rb1 Nxe7
21. Rxb6 axb6 22. Qb3 Rxd7 23. Qxb6 Rxa2 24. Bb5 Ra1+ 25. Kh2 Nc6 26. g4 Re1
27. Kg3 Kg7 28. Qc5 Rg1+ 29. Kf3 Re1 30. Ba4 Re6 31. Kg3 Rd8 32. Bb3 Red6 33.
Bd1 Ne7 34. Ba4 Nc6 35. Bb5 R8d7 36. Qa3 Re6 37. Qa8 Rc7 38. Qa1 Rd7 39. h4 h6
40. h5 Kh7 41. Qh1 Kg7 42. Qa1 Kh7 43. Qh1 1/2-1/2

[Event "Klatovy"]
[Site "?"]
[Date "2007.??.??"]
[Round "?"]
[White "Routner, J."]
[Black "Vanka, M."]
[Result "1/2-1/2"]
[WhiteElo "2135"]
[BlackElo "2185"]
[PlyCount "35"]
[EventDate "2007.??.??"]

1. e4 c5 2. Nc3 Nc6 3. g3 g6 4. Bg2 Bg7 5. d3 d6 6. Be3 Rb8 7. Qd2 b5 8. f4 b4
9. Nd1 e6 10. Nf3 Nd4 11. O-O Ne7 12. Qf2 Nxf3+ 13. Bxf3 O-O 14. d4 cxd4 15.
Bxd4 Bxd4 16. Qxd4 Qb6 17. Qxb6 Rxb6 18. Ne3 1/2-1/2

[Event "Klatovy"]
[Site "?"]
[Date "2007.??.??"]
[Round "?"]
[White "Cakl, Z."]
[Black "Trmota, Z."]
[Result "1-0"]
[WhiteElo "2130"]
[BlackElo "2155"]
[PlyCount "113"]
[EventDate "2007.??.??"]

1. Nf3 Nf6 2. b3 d5 3. Bb2 Bf5 4. e3 e6 5. Be2 h6 6. O-O Bd6 7. c4 c6 8. d4
Nbd7 9. Bd3 Bxd3 10. Qxd3 O-O 11. Nbd2 Be7 12. Rfe1 Qc7 13. Rac1 Rad8 14. a3
Qb8 15. b4 a6 16. Rb1 b5 17. c5 Qb7 18. Nb3 Ra8 19. Ne5 Bd8 20. Bc3 Bc7 21. f3
Rfd8 22. g4 Nxe5 23. dxe5 Nd7 24. f4 a5 25. Ra1 axb4 26. axb4 Rxa1 27. Rxa1 Ra8
28. Rxa8+ Qxa8 29. e4 Qa3 30. Nd2 Nxc5 31. bxc5 b4 32. exd5 cxd5 33. Nb1 Qc1+
34. Qf1 Qxf1+ 35. Kxf1 bxc3 36. Nxc3 g5 37. Nb5 Bb8 38. c6 gxf4 39. c7 Bxc7 40.
Nxc7 Kg7 41. Kf2 d4 42. Kf3 d3 43. Ne8+ Kg6 44. Nf6 Kg5 45. Ne4+ Kh4 46. Kxf4
Kh3 47. Nf2+ Kxh2 48. Nxd3 Kh3 49. Nf2+ Kh4 50. Ne4 h5 51. g5 Kh3 52. Nd6 h4
53. Nxf7 Kg2 54. g6 h3 55. g7 h2 56. g8=Q+ Kh1 57. Qh7 1-0

[Event "Klatovy"]
[Site "?"]
[Date "2007.??.??"]
[Round "?"]
[White "Havlik, J."]
[Black "Stluka, F."]
[Result "1-0"]
[WhiteElo "2020"]
[BlackElo "2145"]
[PlyCount "137"]
[EventDate "2007.??.??"]

1. e4 e5 2. Nc3 Nf6 3. g3 Bc5 4. Bg2 O-O 5. d3 h6 6. Nge2 Nc6 7. O-O d6 8. Na4
Be6 9. Nxc5 dxc5 10. f4 Bg4 11. h3 Bxe2 12. Qxe2 Qe7 13. Qf2 Nd7 14. f5 f6 15.
Bf3 Rfd8 16. Kh1 Qf7 17. Be3 c4 18. g4 cxd3 19. c3 Nb6 20. b3 a5 21. h4 a4 22.
Bxb6 cxb6 23. b4 b5 24. Rg1 Rd6 25. Qc5 Qe7 26. Qxb5 Qd7 27. Bd1 Ne7 28. Qc4+
Kf8 29. b5 Nc8 30. Qb4 Nb6 31. Rg3 Ke8 32. g5 fxg5 33. hxg5 Kd8 34. Bg4 Qe7 35.
Rd1 d2 36. Rg2 Ke8 37. Bh5+ Kf8 38. Rgxd2 Rxd2 39. Rxd2 Qxb4 40. cxb4 hxg5 41.
Rd6 Nc4 42. Rd7 b6 43. Bf7 Ne3 44. Be6 Re8 45. Rf7+ Kg8 46. Rb7+ Kh7 47. Rxb6
Rd8 48. Rc6 Rd1+ 49. Kh2 Rd2+ 50. Kg3 Nf1+ 51. Kg4 Nh2+ 52. Kh3 Nf1 53. Rc1 Rf2
54. Kg4 Kh6 55. Rc3 Rf4+ 56. Kh3 Rf2 57. b6 Rh2+ 58. Kg4 Rh4+ 59. Kf3 Rh3+ 60.
Kf2 Rxc3 61. b7 Nd2 62. b8=Q Nxe4+ 63. Ke2 Ng3+ 64. Kd1 Kh5 65. Qh8+ Kg4 66.
f6+ Kf3 67. fxg7 Ke3 68. Qd8 Ne4 69. Qb6+ 1-0

[Event "Klatovy"]
[Site "?"]
[Date "2007.??.??"]
[Round "?"]
[White "Havlikova, K."]
[Black "Kopta, P."]
[Result "0-1"]
[WhiteElo "2100"]
[BlackElo "2325"]
[PlyCount "120"]
[EventDate "2007.??.??"]

1. e4 c5 2. Nf3 d6 3. d4 cxd4 4. Nxd4 Nf6 5. Nc3 g6 6. Be3 Bg7 7. f3 O-O 8. Qd2
Nc6 9. Bc4 Nd7 10. Bb3 Nb6 11. h4 Na5 12. Qd3 Nxb3 13. axb3 d5 14. Nde2 Be6 15.
O-O-O Rc8 16. h5 Qd7 17. hxg6 fxg6 18. Bh6 Bxh6+ 19. Rxh6 Rf7 20. Qd4 Qc7 21.
e5 Rcf8 22. Rdh1 Nd7 23. Qh4 Qxe5 24. Rxh7 Rg7 25. f4 Qf6 26. Rxg7+ Qxg7 27.
Nd4 Bf7 28. Qxe7 Qxd4 29. Qxd7 Qxf4+ 30. Kb1 Qg5 31. Qh3 Qh5 32. Qxh5 gxh5 33.
Rf1 Kg7 34. Kc1 Re8 35. Kd2 Re5 36. Nb5 Rg5 37. Rf2 Bg6 38. Nd4 Rg3 39. Ne2 Rg4
40. g3 Be4 41. Rf4 Rxf4 42. Nxf4 Kh6 43. c3 Kg5 44. Ke3 Bc2 45. b4 Kg4 46. Kf2
h4 47. Ne2 h3 48. Kg1 Bd1 49. Nd4 Kxg3 50. Nf5+ Kf4 51. Nd6 b6 52. Kh2 Bg4 53.
Nb5 Bd7 54. Nd4 b5 55. Nb3 Ke3 56. Nc5 Bc8 57. Kg3 Kd2 58. Nb3+ Kd3 59. Nd4 a6
60. Kh2 Kd2 0-1

[Event "Klatovy"]
[Site "?"]
[Date "2007.??.??"]
[Round "?"]
[White "Folk, P."]
[Black "Cuhra, M."]
[Result "1-0"]
[WhiteElo "2255"]
[BlackElo "2090"]
[PlyCount "45"]
[EventDate "2007.??.??"]

1. e4 c5 2. Nf3 d6 3. d4 cxd4 4. Nxd4 Nf6 5. Nc3 g6 6. Be3 Bg7 7. f3 O-O 8. Qd2
Nc6 9. O-O-O d5 10. Qe1 Qc7 11. exd5 Nxd4 12. Bxd4 Rd8 13. Qe5 Qxe5 14. Bxe5 b6
15. Bb5 Bd7 16. Ba6 Bc8 17. Bc4 Bb7 18. Rhe1 Rac8 19. Bb3 b5 20. Nxb5 Bh6+ 21.
Kb1 Nxd5 22. Nxa7 Ra8 23. Bd4 1-0

[Event "Klatovy"]
[Site "?"]
[Date "2007.??.??"]
[Round "?"]
[White "Folkova, M."]
[Black "Jacek, M."]
[Result "0-1"]
[WhiteElo "2195"]
[BlackElo "2105"]
[PlyCount "86"]
[EventDate "2007.??.??"]

1. e4 c5 2. Nf3 e6 3. d4 cxd4 4. Nxd4 Nf6 5. Nc3 d6 6. Bc4 Be7 7. Be3 O-O 8.
Qe2 Nxe4 9. Nxe4 d5 10. O-O-O Nd7 11. Bb3 dxe4 12. Nxe6 fxe6 13. Bxe6+ Kh8 14.
Qb5 a6 15. Qa4 Nb6 16. Qb3 Qe8 17. Bxc8 Nxc8 18. Qxb7 Nd6 19. Qd5 Qf7 20. Bc5
Nf5 21. Bxe7 Qxe7 22. Rhe1 Qg5+ 23. Kb1 Qxg2 24. Rxe4 Qxf2 25. Qe5 Rac8 26. Re2
Qb6 27. b3 Nh6 28. Rd6 Rc6 29. Rd7 Rg6 30. c4 Rg1+ 31. Kb2 Ng8 32. Rd6 Qb7 33.
c5 Rg2 34. Rdd2 Rxe2 35. Qxe2 Nf6 36. Rd6 Ne4 37. c6 Qb4 38. Re6 Qc3+ 39. Ka3
Qc1+ 40. Qb2 Qc5+ 41. b4 Rf3+ 42. Qb3 Rxb3+ 43. axb3 Qc1+ 0-1

[Event "Klatovy"]
[Site "?"]
[Date "2007.??.??"]
[Round "?"]
[White "Blecha, M."]
[Black "Hlavac, R."]
[Result "1/2-1/2"]
[WhiteElo "2190"]
[BlackElo "2095"]
[PlyCount "108"]
[EventDate "2007.??.??"]

1. e4 c5 2. Nf3 Nc6 3. Bb5 g6 4. Bxc6 dxc6 5. d3 Bg7 6. h3 e5 7. Be3 Qe7 8. Qd2
Nf6 9. Bh6 O-O 10. Nc3 Re8 11. Bxg7 Kxg7 12. O-O-O b5 13. Nh2 Nh5 14. Ne2 Qd6
15. Ng4 a5 16. Qh6+ Kg8 17. g3 a4 18. f4 exf4 19. gxf4 Be6 20. Kb1 f5 21. Ne5
Re7 22. Rhg1 Rg7 23. Nf3 Rd8 24. Ng5 fxe4 25. Nxe4 Qf8 26. Rdf1 Bf5 27. Rg5 c4
28. N2g3 Nxg3 29. Nxg3 cxd3 30. Nxf5 dxc2+ 31. Kxc2 gxf5 32. Qe6+ Kh8 33. Rxf5
Qb4 34. Qe2 a3 35. bxa3 Qxa3 36. Kb1 Qxh3 37. Re5 Qd3+ 38. Qxd3 Rxd3 39. Kc2
Rgg3 40. f5 Rdf3 41. Rh1 Re3 42. Rc5 Ref3 43. Rxc6 Rxf5 44. Rc7 h5 45. Rb7 Rg7
46. Rb8+ Kh7 47. Kb2 Rd5 48. Kc3 Rg4 49. Rh2 Rc5+ 50. Kd3 Rd5+ 51. Ke3 Ra4 52.
Rb2 Re5+ 53. Kf3 Rf5+ 54. Ke3 Re5+ 1/2-1/2

[Event "Klatovy"]
[Site "?"]
[Date "2007.??.??"]
[Round "?"]
[White "Vlasak, L."]
[Black "Erneker, J."]
[Result "1-0"]
[WhiteElo "2005"]
[BlackElo "2155"]
[PlyCount "41"]
[EventDate "2007.??.??"]

1. e4 c5 2. Nf3 d6 3. d4 cxd4 4. Nxd4 Nf6 5. Nc3 a6 6. Be2 e6 7. Be3 b5 8. Bf3
Bb7 9. e5 Nd5 10. Nxd5 Bxd5 11. Bxd5 exd5 12. e6 Qe7 13. Qh5 Qb7 14. O-O g6 15.
Qh3 Bg7 16. exf7+ Kxf7 17. Qe6+ Kf8 18. Qxd6+ Kf7 19. Qe6+ Kf8 20. Nf5 Qc7 21.
Nxg7 1-0

[Event "Klatovy"]
[Site "?"]
[Date "2007.??.??"]
[Round "?"]
[White "Kubikova, A."]
[Black "Turner, R."]
[Result "1-0"]
[WhiteElo "2155"]
[BlackElo "2085"]
[PlyCount "51"]
[EventDate "2007.??.??"]

1. e4 Nf6 2. e5 Nd5 3. d4 d6 4. c4 Nb6 5. exd6 Qxd6 6. Be3 Qd8 7. Be2 Bf5 8.
Nc3 c6 9. Qb3 N8d7 10. a4 a5 11. g4 Bg6 12. c5 Nd5 13. Nxd5 cxd5 14. Qxb7 Rb8
15. Qxd5 e6 16. Qf3 Be7 17. Bb5 O-O 18. Ne2 e5 19. Rd1 e4 20. Qg3 f5 21. c6 Bh4
22. c7 Bxg3 23. cxd8=Q Bxf2+ 24. Bxf2 Rbxd8 25. Nf4 Rfe8 26. Bh4 1-0